| 000 | 00770 a2200181 4500 | ||
|---|---|---|---|
| 003 | Nust | ||
| 005 | 20230712095417.0 | ||
| 040 | _cNust | ||
| 082 | _a530.16,HOR | ||
| 100 |
_aHorne, Sylvia _9113552 |
||
| 245 |
_aLearning about Measurement / _cSylvia Horn |
||
| 250 | _aTeachers manual | ||
| 260 |
_aCalfornia _bState Series _c1970 |
||
| 300 | _a105:p | ||
| 505 | _aMeasuring Line Segments (Page-1), Measuring Curves (Page-5) Measuring Area (Page-6) Perimeter and Area of Polygons (Page-6) Rays Angles and Triangles (Page-8), Map and Scale Drawing (Page-9) Liquid Measure (Page-11) Dry Measure (Page-11) Weight (Page-12), Time (Page-13), Temperature (Page-13), Speed (Page-14), Money (Page-16). | ||
| 650 |
_aLearning About Measurement _9113553 |
||
| 942 |
_2ddc _cBKB |
||
| 999 |
_c180860 _d180860 |
||